000 00969nam a2200265Ia 4500
003 OSt
005 20220923222314.0
006 a|||||r|||| 00| 0
007 ta
008 220922b |||||||| |||| 00| 0 guj d
024 _a204,438
037 _cTextual
040 _aARTS
_cARTS
_bguj
041 _2guj
_aguj
082 _aO156,3M55w, 152M0
100 _aजोशी, रमणलाल; नागर, विष्णु, अनु.
_9166726
245 0 _aगोवर्धनराम
246 _aGovardhanarāma
260 _aनई दिल्ली
_b साहित्य अकादमी
_c1980
300 _a55पृ0
_ccm.
490 _aभारतीय साहित्य के निर्माता
650 _aगुजराती साहित्य
942 _hO156,3M55w, 152M0
_cTEXL
_2CC
999 _c355187
_d355187